banner-ar

QUALITY PLANNING AND ANALYSIS : FROM PRODUCT DEVELOPMENT THROUGH USE / (Record no. 25478)

MARC details
000 -الفاتح
حقل البيانات ثابتة الطول 00532nam a2200181Ia 4500
008 - عناصر البيانات ثابتة الطول - معلومات عامة
حقل البيانات ثابتة الطول 140319s9999 xx 000 0 eng d
040 ## - مصدر الفهرسة
وكالة الفهرسة الأصلية GCL /
وكالة النسخ GCL
082 04 - رقم تصنيف ديوى العشرى
رقم التصنيف 658.562
رقم المادة J Q
100 1# - المدخل الرئيسى - إسم شخصى
الإسم الشخصى GRYNA, FRANK M.
245 10 - بيان العنوان
العنوان QUALITY PLANNING AND ANALYSIS : FROM PRODUCT DEVELOPMENT THROUGH USE /
بيان المسئوليه,etc GRYNA, FRANK M.
700 1# - المدخل الاضافى - اسم شخصى
الإسم الشخصى JURAN,J.M.
260 ## - PUBLICATION, DISTRIBUTION, ETC. (IMPRINT)
تاريخ النشر أو التوزيع 1995
300 ## - الوصف المادى
التعداد 634
650 04 - المدخل الاضافى بالموضوع-مصطلح موضوعى
مصطلح موضوعي QUALITY CONTROL
650 04 - المدخل الاضافى بالموضوع-مصطلح موضوعى
مصطلح موضوعي QUALITY ASSURANCE
942 ## - عناصر المدخل الإضافي( كوها)
مصدر التصنيف او مخطط الترفيف Dewey Decimal Classification
Koha [default] item type كتاب
260 ## - PUBLICATION, DISTRIBUTION, ETC. (IMPRINT)
-- [S.N] :
-- TATA MCGRAW - HILL PUBLISHING COMPANY LT ،
Holdings
حالة التراجع حالة الفقد حالة تلف ليس للاعارة المكان المؤقت الموقع الحالى تاريخ الاكتساب اجمالي اﻻعارات رقم الطلب الباركود تاريخ اخر مشاهدة تاريخ تفعيل السعر نوع وعاء كوها
        مكتبة القاهرة الكبرى مكتبة القاهرة الكبرى 03/26/2014   658.562\J Q 44889 03/26/2014 03/26/2014 كتاب

Powered By

EGPV